Guess the 1960s song lyrics #279 - Statistics

General Stats
  • This quiz has been taken 25 times
  • The average score is 113 of 168
Answer Stats
Answer % Correct
a
100%
I
100%
the
100%
The
100%
You
100%
you
100%
and
95%
And
95%
me
95%
be
90%
can
90%
it
90%
my
90%
My
90%
Of
90%
of
90%
on
90%
as
85%
As
85%
do
85%
we
85%
what
85%
how
80%
Now
80%
To
80%
to
80%
know
75%
our
75%
could
70%
happy
70%
mean
70%
one
70%
out
70%
But
65%
Monkees
65%
Oh
65%
would
65%
never
60%
really
60%
up
60%
believer
55%
daydream
55%
homecoming
55%
queen
55%
she
55%
sleep
55%
thought
55%
times
55%
Without
55%
eyes
50%
his
50%
much
50%
sleepy
50%
good
45%
Jean
45%
need
45%
once
45%
baby
40%
Cheer
40%
cold
40%
end
40%
Wipe
40%
alarm
35%
knight
35%
razor's
35%
ring
35%
shavin
35%
six
35%
stings
35%
white
35%
bluebird
30%
o'clock
30%
rise
30%
sings
30%
steed
30%
rings
25%
starts
25%
dollar
20%
hide
20%
neath
20%
spend
20%
wings
20%
No matching quizzes found
Score Distribution
Percent of People with Each Score
Percentile by Number Answered
Your Score History
You have not taken this quiz